000 01056nam a2200193 a 4500
001 55961
005 20180714051508.0
008 140415s2003 mx 000 0 spa d
041 _aspa
082 _a016.232917
_bMAT
100 1 _aMATHES, MIGUEL
245 1 0 _aBIBLIOTHECA NOVOHISPANA GUADALUPANA
250 _a1a ed.
260 _aMEXICO :
_bCENTRO DE ESTUDIOS DE HISTORIA DE MEXICO CONDUMEX,
_c2003
300 _a1047
_c21 x 0.7 x 27.4
520 _aEL CENTRO DE ESTUDIOS DE HISTORIA DE MEXICO CONDUMEX PRESENTA EN SU COLECCION GUIAS EL INVENTARIO DE LA BIBLOGRAFIA GUADALUPANA, QUE RECOGE UN TRABAJO SUMAMENTE CUIDADOSO, DEL INVESTIGADOR DR.MIGUEL MATHES, CON EL TITULO BIBLIOTHECA NOVOHISPANA GUADALUPANA. LAS BIBLIOTECAS DE MEXICO, AMERICA DEL SUR, ESTADOS UNIDOS Y ESPAÑA FUERON REVISADAS PARA REALIZAR UNA BUSQUEDA EXHAUSTIVA DE LOS IMPRESOS GUADALUPANOS, DESDE EL SIGLO XVI HASTA LA TERCERA DECADA DEL SIGLO XIX.
650 1 4 _aBIBLIOGRAFIAS
_xVIRGEN DE GUADALUPE
_xAPARICIONES Y MILAGROS
700 1 _aPOOLE, STAFFORD
_epról.
999 _c55961
_d55961